LEADER 01381nam a2200289 a 4500 001 000000120850 003 CaOOAMICUS 005 20100322160326.0 008 100322t2009 it u000 u ita r 020 $a978-88-250-2202-5 040 $aPUL$bita$dReb 100 1 $aMaino, Girolamo,$d1920-$0(OLS)http://pul/name/75648 245 11$a"Vivere come se Dio ci fosse" :$bla scommessa sulla veritą di Pascal e Ratzinger /$cGirolamo Maino. 260 $aPadova :$bEdizioni Messaggero,$c©2009. 300 $a207 p. ;$c19 cm 490 1 $aIl pozzo di Giacobbe$aNuova serie 504 $aBibliografia p. 202-204. 600 04$aBenedictus PP. XVI,$d1927-2022$xDiscorsi.$0(OLS)http://pul/subject/36551 600 14$aPascal, Blaise,$d1623-1662$xTeologia.$0(OLS)http://pul/subject/34470 650 4$aVeritą$xAspetti religiosi.$0(OLS)http://pul/subject/33401 830 3$aIl pozzo di Giacobbe$pNuova serie.$0(OLS)http://pul/title/151980 850 $aPUL 852 $aPUL$W1$xSL Filosofia 3$y81$m121 MAIGI 1$j138559$qDDC 21$B137779$CPULBib$Z2$F137779 $H110705 $82 941 1 $a9 996 $6020$a978-88-250-2202-5$9(OLS)http://pul/number/143648 996 $6245$a"Vivere come se Dio ci fosse" :$bla scommessa sulla veritą di Pascal e Ratzinger$9(OLS)http://pul/title/151979 996 $6260$aPadova :$bEdizioni Messaggero$9(OLS)http://pul/publisher/51217 LEADER 01316nam a2200289 u 4500 001 000000061757 003 CaOOAMICUS 005 20070226121047.0 008 010913s1975 it u000 u ita u 035 $a10902587 040 $aPUL(R)$bita 100 1 $aJaffe, Amin Frank.$0(OLS)http://pul/name/42107 245 10$aQuale 1984 :$brelazioni e discussione al convegno di studi ISTRA sulla crisi attuale del capitalismo /$cAmin Frank Jaffe ; relazione e presentazione degli atti a cura di Giuseppe Folloni. 260 $aMilano :$bJaca Book,$c1975. 300 $a200 p. ;$c23 cm 490 1 $aDi fronte e attraverso ;$v1 500 $aContiene indici. 504 $aBibliografia in nota. 650 4$aCapitalismo.$0(OLS)http://pul/subject/7257 700 1 $aFolloni, Giuseppe.$0(OLS)http://pul/name/31194 830 0$aDi fronte e attraverso ;$v1.$0(OLS)http://pul/title/138 850 $aPUL 852 $aPUL$W1$xDP1 Cons. Gen., Altre Classi 1$y22$m46 C 29$j80405$nBK-PRI$b $qStampati$B80405$CPULBib$Z2$F80405 $H $81 941 1 $a8 961 $aINV: 63966 996 $6245$aQuale 1984 :$brelazioni e discussione al convegno di studi ISTRA sulla crisi attuale del capitalismo$9(OLS)http://pul/title/82440 996 $6260$aMilano :$bJaca Book$9(OLS)http://pul/publisher/47900